Loading...

Ore nadham nanavishayam

Bibliografiske detaljer
Hovedforfatter: Vilanilam ,J.V
Format: Printed Book
Sprog:Malayalam
Udgivet: D.C. Books, Kottayam D.C. Books, Kottayam 1992
LEADER 00478nam a2200121Ia 4500
008 111205s9999 xx 000 0 mal d
100 |a Vilanilam ,J.V. 
245 |a Ore nadham nanavishayam  |c Vilanilam ,J.V. 
260 |b D.C. Books, Kottayam  |a D.C. Books, Kottayam  |c 1992 
300 |a 135 
942 |c BK 
999 |c 207876  |d 207876 
952 |0 0  |1 0  |2 ddc  |4 0  |6 301_160000000000000_JVV_O  |7 0  |9 229905  |a MAL  |b MAL  |c ST1  |d 1972-02-14  |g 25.00  |l 1  |o 301.16 JVV/O  |p MAL22890  |r 2018-07-06  |s 2018-06-22  |v 25.00  |w 2011-12-05  |y BK